UM Logo

Data mining applications to fault diagnosis in power electronic systems: (Record no. 19311)

MARC details
000 -LEADER
fixed length control field 00998nam a22002177a 4500
003 - CONTROL NUMBER IDENTIFIER
control field OSt
005 - DATE AND TIME OF LATEST TRANSACTION
control field 20250911170030.0
008 - FIXED-LENGTH DATA ELEMENTS--GENERAL INFORMATION
fixed length control field 240222b ||||| |||| 00| 0 eng d
040 ## - CATALOGING SOURCE
Transcribing agency 0
082 ## - DEWEY DECIMAL CLASSIFICATION NUMBER
Classification number DPer 621.317 Ie21 May 2022 v. 37 n. 5
100 ## - MAIN ENTRY--PERSONAL NAME
Personal name Moradzadeh, Arash.
Relator term author.
9 (RLIN) 53139
245 ## - TITLE STATEMENT
Title Data mining applications to fault diagnosis in power electronic systems:
Remainder of title a systematic review /
Statement of responsibility, etc. Arash Moradzadeh, Behnam Mohammadi-Ivatloo, Kazem Pourhessein, and Amjad Anvari-Moghaddam.
260 ## - PUBLICATION, DISTRIBUTION, ETC. (IMPRINT)
Place of publication, distribution, etc. New York ;
Name of publisher, distributor, etc. The Institute of Electrical and Electronics Engineers, Inc. ,
Date of publication, distribution, etc. May 2022.
300 ## - PHYSICAL DESCRIPTION
Extent Volume 37, pages 6026-6050 :
Other physical details illustration ;
Dimensions 28 cm.
500 ## - GENERAL NOTE
General note IEEE Transactions on Power Electronics, vol. 37, no. 5, pages 6026-6050, May 2022.
700 ## - ADDED ENTRY--PERSONAL NAME
Personal name Moradzadeh, Arash.
Relator term author.
9 (RLIN) 53139
700 ## - ADDED ENTRY--PERSONAL NAME
Personal name Mohammadi-Ivatloo, Behnam.
Relator term author.
9 (RLIN) 53140
700 ## - ADDED ENTRY--PERSONAL NAME
Personal name Pourhessein, Kazem.
Relator term author.
9 (RLIN) 53141
700 ## - ADDED ENTRY--PERSONAL NAME
Personal name Anvari-Moghaddam, Amjad.
Relator term author.
9 (RLIN) 53142
942 ## - ADDED ENTRY ELEMENTS (KOHA)
Source of classification or shelving scheme Dewey Decimal Classification
Koha item type Periodicals
Holdings
Withdrawn status Lost status Source of classification or shelving scheme Damaged status Not for loan Collection code Home library Current library Date acquired Total Checkouts Full call number Date last seen Price effective from Koha item type Public note
    Dewey Decimal Classification     Periodicals UM Digos College - LIC UM Digos College - LIC 02/22/2024   DPer 621.317 Ie21 May 2022 v. 37 n. 5 02/22/2024 02/22/2024 Periodicals Periodical Article